书目信息 |
| 题名: |
文韵
|
|
| 作者: | 徐蔚琦 主编 | |
| 分册: | ||
| 出版信息: | 北京 现代出版社 2017 |
|
| 页数: | 273页 | |
| 开本: | 24cm | |
| 丛书名: | ||
| 单 册: | ||
| 中图分类: | I217.01 | |
| 科图分类: | ||
| 主题词: | 中国文学--zhong guo wen xue--当代--作品综合集 | |
| 电子资源: | ||
| ISBN: | 978-7-5143-6287-9 | |
| 000 | 01106nam0 2200253 450 | |
| 001 | 012001010467 | |
| 005 | 20131102094429.0 | |
| 010 | @a978-7-5143-6287-9@dCNY48.00 | |
| 099 | @aCAL 012018016964 | |
| 100 | @a20180124d2017 em y0chiy50 ea | |
| 101 | 0 | @achi |
| 102 | @aCN@b110000 | |
| 105 | @aa z 000zy | |
| 106 | @ar | |
| 200 | 1 | @a文韵@Awen yun@e深圳市蛇口育才教育集团少年文学院文集@f徐蔚琦主编 |
| 210 | @a北京@c现代出版社@d2017 | |
| 215 | @a273页@c图@d24cm | |
| 330 | @a育才教育集团少年文学院秉持“繁荣校园文化、丰富人文育才”办学内涵、提高育才学子文学修养与创作水平之初衷,开启了文学大赛的序幕。此次将优秀作品结集成册,是学子创作成果的充分展现。我们希望育才优良的校园文学传统代代相传,并发扬光大。我们期待若干年后有一批从育才走出去的优秀学子能活跃在中国文坛上。 | |
| 517 | 1 | @a深圳市蛇口育才教育集团少年文学院文集@Ashen zhen shi she kou yu cai jiao yu ji tuan shao nian wen xue yuan wen ji |
| 606 | 0 | @a中国文学@Azhong guo wen xue@z当代@j作品综合集 |
| 690 | @aI217.01@v5 | |
| 701 | 0 | @a徐蔚琦@Axu wei qi@4主编 |
| 801 | 2 | @aCN@b上海新华@c20191020 |
| 905 | @b1181683-6@dI217.01@e1004@f4 | |
| 文韵:深圳市蛇口育才教育集团少年文学院文集/徐蔚琦主编.-北京:现代出版社,2017 |
| 273页:图;24cm |
| ISBN 978-7-5143-6287-9:CNY48.00 |
| 育才教育集团少年文学院秉持“繁荣校园文化、丰富人文育才”办学内涵、提高育才学子文学修养与创作水平之初衷,开启了文学大赛的序幕。此次将优秀作品结集成册,是学子创作成果的充分展现。我们希望育才优良的校园文学传统代代相传,并发扬光大。我们期待若干年后有一批从育才走出去的优秀学子能活跃在中国文坛上。 |
| ● |
| 相关链接 |
|
|
|
|
正题名:文韵
索取号:I217.01/1004
 
预约/预借
| 序号 | 登录号 | 条形码 | 馆藏地/架位号 | 状态 | 备注 |
| 1 | 1181683 | 211816837 | 第一样本阅览室/ [索取号:I217.01/1004] | 在馆 | |
| 2 | 1181684 | 211816846 | 第二借阅区/ [索取号:I217.01/1004] | 在馆 | |
| 3 | 1181685 | 211816855 | 第二借阅区/ [索取号:I217.01/1004] | 在馆 | |
| 4 | 1181686 | 211816864 | 第二借阅区/ [索取号:I217.01/1004] | 在馆 |